Score 0/20 Timer 03:00
0 Plays Today
Title 'N' Word % Correct
One Flew Over the Cuckoo's ____Nest
99.1%
Brave ____ WorldNew
99%
Much Ado About ____Nothing
95.7%
And Then There Were ____None
91.5%
A Streetcar ____ DesireNamed
89.8%
Tender Is the ____Night
89.1%
____ Eighty FourNineteen
87.1%
____ LightsNorthern
86.7%
The Confessions of ____ TurnerNat
56.2%
The ____Notebook
55.5%
Title 'N' Word % Correct
The ____ StoryNeverending
55.5%
Darkness at ____Noon
48.9%
The Magician's ____Nephew
44.3%
The ____ DiariesNanny
41.9%
____ AbbeyNorthanger
31.1%
The ____ and the DeadNaked
27.5%
The ____Namesake
26.4%
Eye of the ____Needle
24.4%
____ WoodNorwegian
23.4%
____ ThingsNeedful
19.3%

Today's Daily Dose

Missing Word
'T' Pairs

Word Ladder
Game Pieces

Get the Picture
Baseball Movies

Remove Ads.
Support Sporcle.
Get the best of Sporcle when you Go Orange. This ad-free experience offers more features, more stats, and more fun while also helping to support Sporcle. Thank you for becoming a member.

You're not logged in!

Compare scores with friends on all Sporcle quizzes.
OR
Log In

Show Comments

Extras

Top Quizzes Today


Score Distribution

Your Account Isn't Verified!

In order to create a playlist on Sporcle, you need to verify the email address you used during registration. Go to your Sporcle Settings to finish the process.

Report this User

Report this user for behavior that violates our Community Guidelines.

Details: